Marine electrical equipment and practice / (Record no. 3139)

000 -LEADER
fixed length control field 00756cam a2200205 a 4500
008 - FIXED-LENGTH DATA ELEMENTS--GENERAL INFORMATION
fixed length control field 931119s1993 enka b 001 0 eng
020 ## - INTERNATIONAL STANDARD BOOK NUMBER
International Standard Book Number 0750616474
082 00 - DEWEY DECIMAL CLASSIFICATION NUMBER
Classification number 623.8503
Edition number 20
Item number M1454
100 1# - MAIN ENTRY--PERSONAL NAME
Personal name McGeorge, H. D.
Fuller form of name (H. David)
245 10 - TITLE STATEMENT
Title Marine electrical equipment and practice /
250 ## - EDITION STATEMENT
Edition statement 2nd ed.
260 ## - PUBLICATION, DISTRIBUTION, ETC. (IMPRINT)
Place of publication, distribution, etc Oxford ;
-- Boston :
Name of publisher, distributor, etc Newnes,
Date of publication, distribution, etc c1993.
300 ## - PHYSICAL DESCRIPTION
Extent 158 p. :
Other physical details ill. ;
Dimensions 21 cm.
440 #0 - SERIES STATEMENT/ADDED ENTRY--TITLE
Title Marine engineering series
504 ## - BIBLIOGRAPHY, ETC. NOTE
Bibliography, etc Includes bibliographical references and index.
650 #0 - SUBJECT ADDED ENTRY--TOPICAL TERM
Topical term or geographic name as entry element Ships
General subdivision Electric equipment
Geographic subdivision Great Britain
General subdivision Maintenance and repair.
856 42 - ELECTRONIC LOCATION AND ACCESS
Uniform Resource Identifier <a href="http://www.loc.gov/catdir/description/els032/93234036.html">http://www.loc.gov/catdir/description/els032/93234036.html</a>
Uniform Resource Identifier <a href="http://www.loc.gov/catdir/toc/els032/93234036.html">http://www.loc.gov/catdir/toc/els032/93234036.html</a>
942 ## - ADDED ENTRY ELEMENTS (KOHA)
Item type Books
Holdings
Withdrawn status Lost status Source of classification or shelving scheme Damaged status Not for loan Permanent location Current location Date acquired Source of acquisition Full call number Barcode Date last seen Cost, replacement price Koha item type Total Checkouts Total Renewals Date last borrowed Checked out
          IMU Kolkata IMU Kolkata 2011-04-28 Shroff Publishers and Distributors 623.8503 M1454 11220 2020-03-20 1619.00 Books        
          IMU Kolkata IMU Kolkata 2011-04-28 Shroff Publishers and Distributors 623.8503 M1454 11221 2020-03-20 1619.00 Books        
          IMU Kolkata IMU Kolkata 2011-04-28 Shroff Publishers and Distributors 623.8503 M1454 11222 2020-03-20 1619.00 Books        
          IMU Kolkata IMU Kolkata 2011-04-28 Shroff Publishers and Distributors 623.8503 M1454 11223 2026-05-04 1619.00 Books 2 1 2026-04-30  
          IMU Kolkata IMU Kolkata 2011-04-28 Shroff Publishers and Distributors 623.8503 M1454 11224 2020-03-20 1619.00 Books        
          IMU Kolkata IMU Kolkata 2011-04-28 Shroff Publishers and Distributors 623.8503 M1454 11225 2026-06-09 1619.00 Books 1   2026-06-04  
          IMU Kolkata IMU Kolkata 2011-04-28 Shroff Publishers and Distributors 623.8503 M1454 11226 2026-05-16 1619.00 Books 4 2 2026-05-16 2026-05-31
          IMU Kolkata IMU Kolkata 2011-04-28 Shroff Publishers and Distributors 623.8503 M1454 11227 2024-12-13 1619.00 Books 2   2024-12-02  
          IMU Kolkata IMU Kolkata 2011-04-28 Shroff Publishers and Distributors 623.8503 M1454 11228 2023-03-10 1619.00 Books 1   2023-02-24  
          IMU Kolkata IMU Kolkata 2011-04-28 Shroff Publishers and Distributors 623.8503 M1454 11229 2020-03-20 1619.00 Books        
          IMU Kolkata IMU Kolkata 2011-04-28 Shroff Publishers and Distributors 623.8503 M1454 11230 2020-03-20 1619.00 Books        
          IMU Kolkata IMU Kolkata 2011-04-28 Shroff Publishers and Distributors 623.8503 M1454 11231 2020-03-20 1619.00 Books        
          IMU Kolkata IMU Kolkata 2011-04-28 Shroff Publishers and Distributors 623.8503 M1454 11232 2020-03-20 1619.00 Books        
          IMU Kolkata IMU Kolkata 2011-04-28 Shroff Publishers and Distributors 623.8503 M1454 11233 2020-03-20 1619.00 Books        
          IMU Kolkata IMU Kolkata 2011-04-28 Shroff Publishers and Distributors 623.8503 M1454 11234 2020-03-20 1619.00 Books        
Designed and Maintained by IMU-KC Library, Kolkata Campus © Copyright All Rights Reserved

webs counters

Powered by Koha